លទ្ធភាពពង្រីកការចិញ្ចឹមជ្រូកជុំវីញរដ្ឋធានីភ្នំពេញ (Record no. 1547)
[ view plain ]
| 000 -LEADER | |
|---|---|
| fixed length control field | 00539nam a22001577a 4500 |
| 003 - CONTROL NUMBER IDENTIFIER | |
| control field | OSt |
| 005 - DATE AND TIME OF LATEST TRANSACTION | |
| control field | 20151001085730.0 |
| 008 - FIXED-LENGTH DATA ELEMENTS--GENERAL INFORMATION | |
| fixed length control field | 151001b xxu||||| |||| 00| 0 eng d |
| 040 ## - CATALOGING SOURCE | |
| Transcribing agency | RUA |
| 082 ## - DEWEY DECIMAL CLASSIFICATION NUMBER | |
| Classification number | AVM អ៊ុក 1992 B065 Or.1 |
| 100 ## - MAIN ENTRY--PERSONAL NAME | |
| 9 (RLIN) | 1640 |
| Personal name | អ៊ុក ប៊ែរលីណា |
| 245 ## - TITLE STATEMENT | |
| Title | លទ្ធភាពពង្រីកការចិញ្ចឹមជ្រូកជុំវីញរដ្ឋធានីភ្នំពេញ |
| 260 ## - PUBLICATION, DISTRIBUTION, ETC. (IMPRINT) | |
| Place of publication, distribution, etc. | Phnom Pnh |
| Name of publisher, distributor, etc. | RUA |
| Date of publication, distribution, etc. | 1992 |
| 300 ## - PHYSICAL DESCRIPTION | |
| Extent | 89p. |
| Other physical details | ill. |
| Dimensions | 29cm. |
| 942 ## - ADDED ENTRY ELEMENTS (KOHA) | |
| Source of classification or shelving scheme | |
| Koha item type | AVM |
| Price effective from | Date last seen | Permanent Location | Not for loan | Date acquired | Source of classification or shelving scheme | Koha item type | Lost status | Withdrawn status | Date last checked out | Total Checkouts | Shelving location | Damaged status | Barcode | Current Location | Full call number |
|---|---|---|---|---|---|---|---|---|---|---|---|---|---|---|---|
| 2015-10-01 | 2018-05-28 | Library Block B | 2015-10-01 | AVM | 2018-05-11 | 1 | B065 | RUA007325 | Library Block B | AVM អ៊ុក 1992 B065 Or.1 | |||||
| 2015-10-01 | 2015-10-01 | Library Block B | 2015-10-01 | AVM | B065 | RUA007115 | Library Block B | AVM អ៊ុក 1992 B065 Or.2 | |||||||
| 2015-10-01 | 2015-10-01 | Library Block B | 2015-10-01 | AVM | B065 | RUA007328 | Library Block B | AVM អ៊ុក 1992 B065 Or.3 | |||||||
| 2015-10-01 | 2015-10-01 | Library Block B | 2015-10-01 | AVM | B065 | RUA008061 | Library Block B | AVM អ៊ុក 1992 B065 Or.4 | |||||||
| 2015-10-01 | 2023-01-27 | Library Block B | 2015-10-01 | AVM | 2023-01-23 | 1 | B065 | RUA007334 | Library Block B | AVM អ៊ុក 1992 B065 Or.5 | |||||
| 2015-10-01 | 2016-06-24 | Library Block B | 2015-10-01 | AVM | 2016-06-24 | 2 | B065 | RUA007330 | Library Block B | AVM អ៊ុក 1992 B065 Or.6 | |||||
| 2015-10-01 | 2015-10-01 | Library Block B | 2015-10-01 | AVM | Library Block B | AVM អ៊ុក 1992 B065 Or.1 |